000 00698nam a2200193 a 4500
001 000034361
005 20200930073646.0
008 111003s1978 bl 000 0 spa d
040 _aDO-SdBNP
_bspa
_cBNPHU
100 1 _aBarnadas, Josep M.
_q(Josep María)
_959785
245 1 0 _aApuntes para una historia aymara /
_cJosep Ma. Barnadas ;prólogo Roberto Choque Canqui.
250 _a2a ed.
260 _aBolivia :
_bCentro de Investigación y Promoción del Campesinado,
_c1978.
300 _a113 p. ;
_c23 cm.
490 1 _aCuadernos de investigación - CIPCA ;
_v6
700 1 _aChoque Canqui, Roberto
_epról.
_959786
830 0 _aCuadernos de investigación - CIPCA ;
_v6
_95090
049 _aBNPD
999 _c33852
_d33852